000
00289 a2200109 4500
020
_a
905410354X
082
_a
624.1513 RAK
100
_a
Rakowski, Zikmund
245
_a
Geomechanics/
_c
Zikmund Rakowski
260
_a
Netherlands :
_b
A. A. Balkema,
_c
1994
300
_a
xiv, 460p. :
_b
ill. ;
_c
25 cm
650
_a
Geomechanics
999
_c
1005
_d
1005